| 000 | 00649nam a22002177a 4500 | ||
|---|---|---|---|
| 003 | OSt | ||
| 005 | 20161007150028.0 | ||
| 008 | 161007b xxu||||| |||| 00| 0 eng d | ||
| 020 | _a9781846286612 | ||
| 040 | _cDMLN | ||
| 082 | _aQV38 T34j 2008 | ||
| 100 |
_a Editors Laycock, Jo; Haslam, Jeanette. _911158 |
||
| 245 | _aTherapeutic Management of Incontinence and Pelvic pain: pelvic organ disorders | ||
| 250 | _a2nd ed. | ||
| 260 | _aUK; Springer-Verlag, 2008 | ||
| 300 | _axxiii,301p; ill:25cm | ||
| 504 | _aAppendices, & index included | ||
| 650 |
_aTherepeutical management _911160 |
||
| 650 |
_aPelvic pain _911161 |
||
| 942 |
_2z _cO_SHELF |
||
| 999 |
_c5323 _d5323 |
||